| 000 | 01544cam a22004454i 4500 | ||
|---|---|---|---|
| 003 | PE-LiUPU | ||
| 005 | 20250731165539.0 | ||
| 008 | 150625s r 000 0 d | ||
| 020 | _a025986365202 | ||
| 040 |
_bspa _cPE-LiUPU _dPE-LiUPU _erda |
||
| 082 | 0 | 4 |
_a220.7 _bEBC _220 |
| 245 | 1 | 4 |
_aThe Expositor's Bible commentary : _bwith the New International version of the Holy Bible. _nVolume 10, (Romans-Galatians) / _ceditor general: Frank E. Gaebelein. |
| 264 | 1 |
_aGrand Rapids, Michigan : _bZodervan, _c1976. |
|
| 300 |
_a508 páginas ; _c24 centímetros. |
||
| 504 | _aContiene bibliografía en la introducción de cada capítulo. | ||
| 505 | _aRomans -- 1 Corinthians -- 2 Corinthians -- Galatians. | ||
| 526 | _aSEG44 | ||
| 526 | _aSEG26 | ||
| 526 | _aP151 | ||
| 526 | _aP150 | ||
| 526 | _aP149 | ||
| 526 | _aP146 | ||
| 526 | _aP145 | ||
| 526 | _aP126 | ||
| 526 | _aP125 | ||
| 526 | _aP92 | ||
| 526 | _aP75 | ||
| 526 | _aP74 | ||
| 526 | _aP27 | ||
| 526 | _aP15 | ||
| 630 | 0 |
_aBiblia. _pRomanos _xCrítica, interpretación, etc. _91319 |
|
| 630 | 0 |
_aBiblia. _pI Corintios _xCrítica, interpretación, etc. _91734 |
|
| 630 | 0 |
_aBiblia. _pII Corintios _xCrítica, interpretación, etc. _91658 |
|
| 630 | 0 |
_aBiblia. _pGálatas _xCrítica, interpretación etc. _91250 |
|
| 700 |
_aGaebelein, Frank E. _eeditor. _91688 |
||
| 700 |
_aDouglas, J.D. _eeditor. _91689 |
||
| 942 |
_2ddc _cBK |
||
| 980 |
_81 _gALBERTO SANCHEZ Responsable de Automatización |
||
| 999 |
_c40305 _d40305 |
||